000 01565nam a22003857a 4500
003 CHAP
005 20220817042241.0
008 971013s1976 r 00010 d
010 _a38709
011 _a39681
035 _a43806
040 _cCHAP
082 _a595.42
_bE8
100 0 0 _aEspinosa Carrillo, Pablo.
_937904
245 _aApuntes de acarología, v.1
260 _aChapingo, Méx. :
_bENA. Departamento de Parasitología Agrícola,
_c1976-
300 _av.
_b: ilus.
500 _aLa biblioteca tiene : v.1
590 _aBATCH-UPD
_b10
_c20130110
_lUCH01
_h1458
590 _aBATCH-UPD
_b10
_c20130410
_lUCH01
_h0921
590 _aBATCH-UPD
_b10
_c20130914
_lUCH01
_h1845
590 _aCONVERSION
_b10
_c20130109
_lUCH01
_h1322
650 1 4 _aÁcaros.
901 _aBK
942 _cLIBRO
949 _a595.42 E8
_bBC
_cLIBRO
_d33724000371050
_eLIBRO
_fv.1 c.15
_h41825
_i43806
_si
949 _a595.42 E8
_bBC
_cLIBRO
_d33724000371068
_eLIBRO
_fv.1 c.7
_h41817
_i43806
_si
949 _a595.42 E8
_bBC
_cLIBRO
_d33724000371076
_eLIBRO
_fv.1 c.4
_h41814
_i43806
_si
949 _a595.42 E8
_bBC
_cLIBRO
_d33724000371084
_eLIBRO
_fv.1 c.10
_h41820
_i43806
_si
949 _a595.42 E8
_bBC
_cLIBRO
_d33724000371092
_eLIBRO
_fv.1
_h41811
_i43806
_si
949 _a595.42 E8
_bBC
_cLIBRO
_d33724000371100
_eLIBRO
_fv.1 c.13
_h41823
_i43806
_si
949 _a595.42 E8
_bBC
_cLIBRO
_d33724000371118
_eLIBRO
_fv.1 c.14
_h41824
_i43806
_si
949 _a595.42 E8
_bBC
_cLIBRO
_d33724000371126
_eLIBRO
_fv.1 c.11
_h41821
_i43806
_si
949 _a595.42 E8
_bBC
_cUACH
_d-100170
_eUACH
_fv.1 c.2
_h41812
_i43806
_si
999 _c38709
_d38709